[Event "UNDER 1800 CHAMPIONSHIP"]
[Site "SchemingMind.com"]
[Date "2008.02.21"]
[Round "-"]
[White "kwabena"]
[Black "lacus66"]
[Result "0-1"]
[WhiteCountry "ENG"]
[BlackCountry "HUN"]
[WhiteElo "1534"]
[WhiteRD "84"]
[BlackElo "1718"]
[BlackRD "79"]
[GameID "142929"]

1. d4 Nf6 2. Bg5 e6 3. e3 d5 4. a3 Be7 5. c4 O-O 6. Nc3 c6 7. h3 Nfd7 8. Bf4 Bg5 9. Bh2 Nf6 10. Nf3 Ne4
11. c5 Nxc3 12. bxc3 b5 13. cxb6 axb6 14. c4 Nd7 15. Qb3 c5 16. cxd5 cxd4 17. Nxd4 Nc5 18. Qa2 exd5 19. Nf3 Bf6 20. Rc1 Be6
21. Rd1 Bc3+ 22. Nd2 d4 23. Bc4 dxe3 24. Bxe6 Qd3 25. Bc4 exf2+ 26. Kxf2 Bd4+ 27. Ke1 Qe3+ 28. Be2 Qf2#
0-1

[Event "UNDER 1800 CHAMPIONSHIP"]
[Site "SchemingMind.com"]
[Date "2008.02.21"]
[Round "-"]
[White "kwabena"]
[Black "marble"]
[Result "0-1"]
[WhiteCountry "ENG"]
[BlackCountry "ENG"]
[WhiteElo "1534"]
[WhiteRD "84"]
[BlackElo "1623"]
[BlackRD "55"]
[GameID "142930"]

1. d4 Nf6 2. Bg5 Ne4 3. Bf4 g5 4. Bc1 d5 5. e3 e6 6. a3 Qf6 7. Qe2 Nc6 8. h3 Bd7 9. Nf3 O-O-O 10. c4 dxc4
11. Qxc4 Nd6 12. Qc2 Qg7 13. Bd3 f5 14. O-O h5 15. Nc3 g4 16. hxg4 hxg4 17. Ne5 Qh6 18. f4 g3 19. Rf3 Qh1#
0-1

[Event "UNDER 1800 CHAMPIONSHIP"]
[Site "SchemingMind.com"]
[Date "2008.02.22"]
[Round "-"]
[White "kwabena"]
[Black "mrbiggs"]
[Result "0-1"]
[WhiteCountry "ENG"]
[BlackCountry "USA"]
[WhiteElo "1551"]
[WhiteRD "80"]
[BlackElo "1661"]
[BlackRD "67"]
[GameID "142931"]

1. d4 d5 2. Bf4 Nf6 3. e3 Nc6 4. a3 Bg4 5. Be2 Qd7 6. h3 Bf5 7. Nf3 Nh5 8. Bh2 Bg6 9. c4 dxc4 10. Bxc4 O-O-O
11. O-O e6 12. Nc3 Bd6 13. Bxd6 Qxd6 14. Qa4 a6 15. Qd1 f5 16. Ng5 e5 17. dxe5 Qxe5 18. Qf3 Na5 19. Bf7 Qf6 20. h4 Bxf7
21. Nxf7 Qxf7 22. g4 Nf6 23. Qxf5+ Qd7 24. Qxd7+ Rxd7 25. g5 Nd5 26. Ne4 Nc4 27. b3 Nd6 28. Nc5 Rdd8 29. Rac1 Rhe8 30. Rfd1 Ne4
31. Na4 Kb8 32. Nb2 Ndc3 33. Kg2 Nxd1 34. Nxd1 Rd2 35. Kf3 Red8 36. Kxe4 Rxd1 37. Rc4 R1d2 38. Kf3 Rf8+ 39. Kg3 Rdxf2 40. Rf4 R2xf4
41. exf4 Rd8 42. Kg4 Rd3
0-1

[Event "UNDER 1800 CHAMPIONSHIP"]
[Site "SchemingMind.com"]
[Date "2008.02.21"]
[Round "-"]
[White "kwabena"]
[Black "mmccaffe"]
[Result "1-0"]
[WhiteCountry "ENG"]
[BlackCountry "USA"]
[WhiteElo "1589"]
[WhiteRD "78"]
[BlackElo "1634"]
[BlackRD "50"]
[GameID "142932"]

1. d4 Nf6 2. Bg5 Ne4 3. Bf4 g5 4. Bc1 h6 5. Nf3 Bg7 6. e3 c5 7. c3 cxd4 8. cxd4 O-O 9. Nc3 Nxc3 10. bxc3 d5
11. c4 e6 12. Qb3 dxc4 13. Bxc4 Nc6 14. O-O Na5 15. Qd3 Nxc4 16. Qxc4 Bd7 17. Rd1 Rc8 18. Qb3 Qc7 19. Ba3 Rfd8 20. Rdc1 Qb6
21. Qxb6 axb6 22. Bd6 Bc6 23. Be7 Rd7 24. Bb4 Rdd8 25. Nd2 Ba4 26. Rcb1 e5 27. dxe5 Bxe5 28. Ne4 Bxa1 29. Rxa1 Rd1+ 30. Rxd1 Bxd1
31. Nf6+ Kg7 32. Nd5 b5 33. Bc3+ Kf8 34. h3 Ra8 35. Bb4+ Kg8 36. a3 Bb3 37. Nc7 Rc8 38. Nxb5 Rc6 39. f3 Bc4 40. Nd4 Rc8
41. Nf5 Kh7= 42. Nd6 Rc7 43. e4 Rc6 44. Nxb7 Rb6 45. Nc5 Kg7 46. Nd7 Rb7 47. Ne5 Be6 48. g4 Rb5 49. Nc6 Rb6 50. Nd4 Rb8
51. Kf2 Rb7 52. Ke3 Bc4 53. Nf5+ Kg6 54. h4 gxh4 55. Nxh4+ Kg7 56. Kf4 Rb5 57. Nf5+ Kg6 58. Nd6
1-0

[Event "UNDER 1800 CHAMPIONSHIP"]
[Site "SchemingMind.com"]
[Date "2008.02.21"]
[Round "-"]
[White "kwabena"]
[Black "Talis"]
[Result "0-1"]
[WhiteCountry "ENG"]
[BlackCountry "LTU"]
[WhiteElo "1534"]
[WhiteRD "84"]
[BlackElo "1868"]
[BlackRD "144"]
[GameID "142933"]

1. d4 Nf6 2. Bg5 Ne4 3. Bf4 c5 4. c3 Qb6 5. Qc2 cxd4 6. cxd4 Nc6 7. e3 Nb4 8. Qxe4 d5 9. Qf3 Nc2+ 10. Kd2 Qxb2
11. Bb5+ Bd7 12. Bxd7+ Kxd7 13. Qxd5+ Ke8 14. Qb3 Qxb3 15. axb3 Nxa1 16. Kc3 Rc8+ 17. Kb2 Nc2 18. Ne2 Nb4 19. Nbc3 Nd3+ 20. Ka2 Nxf2
21. Rf1 Nd3 22. Bg3 h5 23. h3 h4 24. Bh2 Rh6 25. Rd1 Ra6+ 26. Kb1 Nb4 27. Nb5 Ra2 28. Nec3 Rxg2 29. Bf4 g5 30. Bc7 a6
31. Ba5 axb5 32. Bxb4 e6 33. Bxf8 Rxc3 34. Bd6 Rxb3+ 35. Ka1 Rxe3 36. Rc1 Rxh3 37. Be5 b4 38. Rb1 Ra3#
0-1

[Event "UNDER 1800 CHAMPIONSHIP"]
[Site "SchemingMind.com"]
[Date "2008.02.21"]
[Round "-"]
[White "kwabena"]
[Black "justinina"]
[Result "1/2-1/2"]
[WhiteCountry "ENG"]
[BlackCountry "GER"]
[WhiteElo "1551"]
[WhiteRD "80"]
[BlackElo "1724"]
[BlackRD "98"]
[GameID "142934"]

1. d4 f5 2. a3 Nf6 3. Bg5 e6 4. e3 Be7 5. h3 O-O 6. Nf3 d5 7. c4 c6 8. c5 Nbd7 9. b4 a5 10. Nbd2 Ne4
11. Bf4 Ndf6 12. Be2 Nc3 13. Qb3 Nxe2 14. Kxe2 a4 15. Qb2 b5 16. Ne5 Bd7 17. Ndf3 Be8 18. Kd2 Ne4+ 19. Ke2 g5 20. Bh2 g4
21. Nd2 Rc8 22. Nxe4 dxe4 23. hxg4 fxg4 24. Rhe1 Bh5 25. Kf1 Rf5 26. Qa2 Qd5 27. Qc2 Rcf8 28. Bf4 Bg5 29. g3 Bxf4 30. gxf4 g3
31. fxg3 Bf3 32. g4 Bxg4 33. Nxg4 Rxf4+ 34. exf4 Rxf4+ 35. Nf2 e3 36. Rxe3 Qh1+ 37. Ke2 Rxf2+ 38. Kxf2 Qh2+ 39. Kf3 Qxc2 40. Rg1+ Kh8
41. Rg5 Qd1+ 42. Kf4 Qxd4+ 43. Kf3 Qf6+=
1/2-1/2

[Event "UNDER 1800 CHAMPIONSHIP"]
[Site "SchemingMind.com"]
[Date "2008.02.21"]
[Round "-"]
[White "kwabena"]
[Black "ScottChess"]
[Result "1-0"]
[WhiteCountry "ENG"]
[BlackCountry "USA"]
[WhiteElo "1534"]
[WhiteRD "84"]
[BlackElo "1639"]
[BlackRD "122"]
[GameID "142935"]

1. d4 f5 2. Bf4 Nf6 3. h3 e6 4. e3 d5 5. a3 c6 6. c4 Bd6 7. Bxd6 Qxd6 8. c5 Qc7 9. Nc3 b5 10. cxb6 axb6
11. b4 O-O 12. Nf3 Nbd7 13. Ng5 Re8 14. Be2 h6 15. Nf3 Ba6 16. O-O c5 17. dxc5 bxc5 18. b5 Bb7 19. a4 Qa5 20. Bd3 Qxc3
21. Bc2 Ra7 22. Rc1 Qa5 23. Qd3 Nb6 24. Ne5 c4 25. Qa3 Nxa4 26. Ra1 Rea8 27. Qe7 Qb6 28. Bxa4 Rxa4 29. Rxa4 Rxa4 30. Qf7+ Kh8
31. Ng6+ Kh7 32. Nf8+ Kh8 33. Nxe6 Nh5 34. Qe8+ Kh7 35. Nf8+ Kh8 36. Nd7+
1-0

[Event "UNDER 1800 CHAMPIONSHIP"]
[Site "SchemingMind.com"]
[Date "2008.02.21"]
[Round "-"]
[White "kwabena"]
[Black "dtedesco"]
[Result "1-0"]
[WhiteCountry "ENG"]
[BlackCountry "CAN"]
[WhiteElo "1534"]
[WhiteRD "84"]
[BlackElo "1336"]
[BlackRD "55"]
[GameID "142936"]

1. d4 f5 2. Bf4 Nf6 3. e3 e6 4. h3 c5 5. c3 d5 6. a3 Nc6 7. Nf3 Bd6 8. Bxd6 Qxd6 9. c4 cxd4 10. Nxd4 Nxd4
11. Qxd4 Bd7 12. Nc3 b6 13. Be2 O-O 14. O-O e5 15. Qd1 a6 16. cxd5 e4 17. Qb3 b5 18. Rfd1 Rab8 19. Qa2 a5 20. Rab1 a4
21. b4 Rfc8 22. Qb2 g5 23. f3 Rc7 24. Rd4 exf3 25. Bxf3 g4 26. hxg4 fxg4 27. Be2 Re8 28. Qd2 Bf5 29. Rf1 Bg6 30. Nxb5 Qe5
31. Nxc7 Rd8 32. d6 g3 33. d7 Bf5 34. Ne8 Bxd7 35. Nxf6+ Kg7 36. Rxd7+ Kf8 37. Ng4+
1-0

[Event "UNDER 1800 CHAMPIONSHIP"]
[Site "SchemingMind.com"]
[Date "2008.02.21"]
[Round "-"]
[White "kwabena"]
[Black "s-man"]
[Result "1-0"]
[WhiteCountry "ENG"]
[BlackCountry "CAN"]
[WhiteElo "1551"]
[WhiteRD "80"]
[BlackElo "1233"]
[BlackRD "90"]
[GameID "142937"]

1. d4 d5 2. Bf4 c6 3. e3 f6 4. a3 g5 5. Bg3 h5 6. h3 h4 7. Bh2 Nd7 8. c4 Nb6 9. c5 Nd7 10. Nc3 a5
11. Nf3 a4 12. Nxa4 b6 13. b4 b5 14. Nc3 f5 15. Nxg5 Bh6 16. Ne6 Bf4 17. Nxd8 Kxd8 18. Bxf4 Ngf6 19. Bd3 Ne4 20. Qc2 Nxc3
21. Qxc3 Rf8 22. O-O Nf6 23. Bg5 Rg8 24. Bxh4 f4 25. exf4 Rh8 26. Bxf6 exf6 27. Qc2 Re8 28. Bf5 Rg8 29. Bxc8 Kxc8 30. Qf5+ Kd8
31. Qxf6+ Kc8 32. Qxc6+ Kd8 33. Qxa8+
1-0

[Event "UNDER 1800 CHAMPIONSHIP"]
[Site "SchemingMind.com"]
[Date "2008.02.21"]
[Round "-"]
[White "lacus66"]
[Black "kwabena"]
[Result "1-0"]
[WhiteCountry "HUN"]
[BlackCountry "ENG"]
[WhiteElo "1718"]
[WhiteRD "79"]
[BlackElo "1534"]
[BlackRD "84"]
[GameID "142938"]

1. d4 d5 2. e4 dxe4 3. Nc3 Bf5 4. f3 Nf6 5. Bg5 Nbd7 6. g4 Bg6 7. Qe2 exf3 8. Qxf3 c6 9. O-O-O h6 10. Bxf6 Nxf6
11. h4 e6 12. h5 Bh7 13. Bg2 Bd6 14. Nh3 O-O 15. g5 Nd5 16. Nxd5 cxd5 17. Rhf1 Qc7 18. c3 Bf5 19. gxh6 gxh6 20. Qe3 Kh7
21. Bxd5 Bxh3 22. Rf6 Bf5 23. Qxh6+ Kg8 24. Rg1+ Bg3 25. Qg5+ Kh8 26. Rh6+ Bh7 27. Qf6+ Kg8 28. Be4 Qf4+ 29. Qxf4 f5 30. Rxg3+ Kf7
31. Qc7+ Ke8 32. Rxe6#
1-0

[Event "UNDER 1800 CHAMPIONSHIP"]
[Site "SchemingMind.com"]
[Date "2008.02.21"]
[Round "-"]
[White "marble"]
[Black "kwabena"]
[Result "0-1"]
[WhiteCountry "ENG"]
[BlackCountry "ENG"]
[WhiteElo "1634"]
[WhiteRD "55"]
[BlackElo "1551"]
[BlackRD "80"]
[GameID "142939"]

1. e4 d5 2. exd5 Qxd5 3. Nc3 Qd8 4. d4 a6 5. Nf3 Bf5 6. Bf4 e6 7. g3 Nf6 8. Bg2 c6 9. O-O Bb4 10. Na4 h6
11. b3 O-O 12. c3 Ba5 13. b4 Bc7 14. Nc5 Ra7 15. Re1 Nd5 16. c4 Nxf4 17. gxf4 Bxf4 18. Nd3 Bc7 19. a4 Nd7 20. Nde5 Nf6
21. Qc1 Qe7 22. c5 Nd5 23. Nc4 Nxb4 24. Nce5 Be4 25. Rxe4 f6 26. Ng6 Qf7 27. Nxf8 Kxf8 28. Qc4 Nd5 29. Rae1 Ba5 30. Rc1 f5
31. Ne5 Qh5 32. Re2 Qg5 33. Nf3 Qg6 34. Nh4 Qg5 35. Nf3 Qg6 36. Ne5 Qg5 37. Kf1 Nf4 38. Nd7+ Ke7 39. Rxe6+ Nxe6 40. d5 Nf4
41. d6+ Kxd7 42. Qf7+ Kc8 43. d7+ Kb8 44. Qe8+ Bd8 45. Bh1 Ne6 46. Re1 Nxc5 47. Rd1 Nxa4 48. Re1 Qf6 49. Re6 Qg5 50. Qf8 b5
51. Bxc6 Nb6 52. Re8 Qc1+ 53. Kg2 Qxc6+ 54. Kh3 Qf3#
0-1

[Event "UNDER 1800 CHAMPIONSHIP"]
[Site "SchemingMind.com"]
[Date "2008.02.22"]
[Round "-"]
[White "mrbiggs"]
[Black "kwabena"]
[Result "1-0"]
[WhiteCountry "USA"]
[BlackCountry "ENG"]
[WhiteElo "1661"]
[WhiteRD "67"]
[BlackElo "1551"]
[BlackRD "80"]
[GameID "142940"]

1. e4 d5 2. exd5 Qxd5 3. Nc3 Qd8 4. Bc4 a6 5. Nf3 Bf5 6. O-O e6 7. d4 Nf6 8. Nh4 Bg4 9. Nf3 h6 10. Be3 Bb4
11. h3 Bh5 12. a3 Bxc3 13. bxc3 Bg6 14. Ne5 Bh7 15. Bd3 Bxd3 16. cxd3 O-O 17. Qf3 c6 18. Rfe1 Nbd7 19. Ng4 Nxg4 20. Qxg4 Qf6
21. Bf4 Rfc8 22. Re4 b5 23. Be3 c5 24. Rf4 Qg6 25. Qf3 Rf8 26. Rg4 Qf5 27. Qg3 g5 28. Bxg5 Kh7 29. Bxh6 Kxh6 30. Rh4+ Qh5
31. Rxh5+ Kxh5 32. Qf3+ Kg6 33. Re1 cxd4 34. Qe4+ Kf6 35. Qxd4+ Ke7 36. a4 Rfd8 37. axb5 axb5 38. Qb4+ Ke8 39. Qxb5 Kf8 40. d4 Rab8
41. Qc4 Rbc8 42. Qb4+ Kg8 43. c4 Nf6 44. c5 Nd5 45. Qc4 Nb6 46. Qd3 Nd7 47. Re4 Kf8 48. Qe3 Ke8 49. Qh6 Rc7 50. Rxe6+ fxe6
51. Qxe6+ Kf8 52. Qd6+ Ke8 53. Qxc7 Nf8 54. Qe5+ Kd7 55. Qd6+ Kc8 56. Qc6+ Kb8 57. d5 Nd7 58. d6 Ne5 59. Qc7+
1-0

[Event "UNDER 1800 CHAMPIONSHIP"]
[Site "SchemingMind.com"]
[Date "2008.02.21"]
[Round "-"]
[White "mmccaffe"]
[Black "kwabena"]
[Result "1/2-1/2"]
[WhiteCountry "USA"]
[BlackCountry "ENG"]
[WhiteElo "1661"]
[WhiteRD "51"]
[BlackElo "1572"]
[BlackRD "77"]
[GameID "142941"]

1. e4 d5 2. exd5 Qxd5 3. Nc3 Qd8 4. Bc4 a6 5. Nf3 Bf5 6. O-O e6 7. Re1 Nf6 8. d4 c6 9. d5 cxd5 10. Nxd5 Nxd5
11. Bxd5 Nc6 12. Bxc6+ bxc6 13. Nd4 Rc8 14. Nxf5 Qxd1 15. Nxg7+ Bxg7 16. Rxd1 h5 17. Be3 Bxb2 18. Rab1 Be5 19. Bd4 Bxd4 20. Rxd4 Ke7
21. Rb7+ Kf8 22. Rdd7 Rh7 23. Ra7 Rb8 24. Rab7 Ke8 25. Rdc7 Rxb7 26. Rxb7 Rg7 27. Rc7 Rg5 28. Rxc6 Ra5 29. g3 Rxa2 30. c4 a5
31. Ra6 a4 32. c5 a3 33. c6 Ra1+ 34. Kg2 Kd8 35. Ra7 a2 36. c7+ Kc8 37. Kf3 f6 38. g4 Rh1 39. Rxa2 Kxc7 40. gxh5=
1/2-1/2

[Event "UNDER 1800 CHAMPIONSHIP"]
[Site "SchemingMind.com"]
[Date "2008.02.21"]
[Round "-"]
[White "Talis"]
[Black "kwabena"]
[Result "1-0"]
[WhiteCountry "LTU"]
[BlackCountry "ENG"]
[WhiteElo "1868"]
[WhiteRD "144"]
[BlackElo "1534"]
[BlackRD "84"]
[GameID "142942"]

1. e4 d5 2. exd5 Qxd5 3. Nc3 Qd8 4. d4 a6 5. Nf3 h6 6. Bc4 Bf5 7. Ne5 e6 8. g4 Bh7 9. Qf3 Qf6 10. Qxb7 c5
11. Bxa6 Rxa6 12. Qxb8+ Qd8 13. Qb5+ Ke7 14. Qb7+ Kd6 15. Nb5#
1-0

[Event "UNDER 1800 CHAMPIONSHIP"]
[Site "SchemingMind.com"]
[Date "2008.02.21"]
[Round "-"]
[White "justinina"]
[Black "kwabena"]
[Result "1-0"]
[WhiteCountry "GER"]
[BlackCountry "ENG"]
[WhiteElo "1724"]
[WhiteRD "98"]
[BlackElo "1551"]
[BlackRD "80"]
[GameID "142943"]

1. e4 d5 2. exd5 Qxd5 3. Nc3 Qd8 4. d4 h6 5. Nf3 Bf5 6. Bc4 e6 7. O-O Nf6 8. d5 exd5 9. Re1+ Be7 10. Nxd5 Nxd5
11. Bxd5 c6 12. Bb3 Qxd1 13. Rxd1 O-O 14. Bf4 Na6 15. Ne5 Nb4 16. Rd2 Rfd8 17. Bxf7+ Kf8 18. Bg6 Rxd2 19. Bxd2 Bxc2 20. Re1 Bd6
21. Nd7+ Kg8 22. Re6 Bxh2+ 23. Kxh2 Bxg6 24. Rxg6 Nxa2 25. Rg3 Kh7 26. Ne5 Rd8 27. Rd3 Re8 28. f4 c5 29. Rd7 Rb8 30. f5 a6
31. f6 Kg8 32. Rxg7+ Kh8 33. Ng6#
1-0

[Event "UNDER 1800 CHAMPIONSHIP"]
[Site "SchemingMind.com"]
[Date "2008.02.21"]
[Round "-"]
[White "ScottChess"]
[Black "kwabena"]
[Result "0-1"]
[WhiteCountry "USA"]
[BlackCountry "ENG"]
[WhiteElo "1405"]
[WhiteRD "89"]
[BlackElo "1572"]
[BlackRD "77"]
[GameID "142944"]

1. f4 d5 2. Nf3 Bf5 3. e3 h6 4. c4 Nf6 5. Nc3 e6 6. b3 Bb4 7. Bb2 O-O 8. a3 Bd6 9. Nb5 Ne8 10. Nxd6 Qxd6
11. Nh4 Bh7 12. Qg4 Bg6 13. Bd3 Nd7 14. Nxg6 Nef6 15. Qg3 fxg6 16. Qxg6 dxc4 17. Bxc4 a6 18. f5 Ne5 19. Bxe6+ Kh8 20. Bxe5 Qxe5
21. O-O Rad8 22. Rad1 Qe4 23. Qg3 c6 24. Qf4 Qc2 25. Qb4 b5 26. Qc3 Qxc3 27. dxc3 Ng4
0-1

[Event "UNDER 1800 CHAMPIONSHIP"]
[Site "SchemingMind.com"]
[Date "2008.02.21"]
[Round "-"]
[White "dtedesco"]
[Black "kwabena"]
[Result "0-1"]
[WhiteCountry "CAN"]
[BlackCountry "ENG"]
[WhiteElo "1336"]
[WhiteRD "55"]
[BlackElo "1534"]
[BlackRD "84"]
[GameID "142945"]

1. e4 d5 2. exd5 Qxd5 3. Nc3 Qd8 4. Ne4 Bf5 5. Ng3 Bg6 6. Nf3 h6 7. d4 Nf6 8. Bc4 e6 9. Be3 a6 10. b3 b5
11. Bd3 Bxd3 12. Qxd3 Bd6 13. O-O-O O-O 14. Nd2 Ng4 15. h3 Nxe3 16. Qxe3 Qf6 17. Nge4 Qe7 18. c3 Qd8 19. Rhe1 Be7 20. Nf3 Qc8
21. d5 exd5 22. Rxd5 Qb7 23. Red1 Nc6 24. h4 Ba3+ 25. Kb1 b4 26. c4 Rfe8 27. Qf4 Ne7 28. Nh2 Nxd5 29. Qg3 Rxe4 30. Rxd5 Rae8
31. Nf3 Re2 32. h5 Qb6 33. Rd7 Qxf2 34. Qxf2 Rxf2 35. Rd1 Rxg2 36. Ne1 Rb2+ 37. Kc1 Rbe2+ 38. Kb1 Rxe1 39. Rxe1 Rxe1+ 40. Kc2 Re2+
41. Kd3 Rxa2 42. Kd4 Rh2 43. Kc5 Rxh5+ 44. Kc6 Rh3 45. Kxc7 Rxb3 46. Kb6 Rc3 47. Kxa6 Rxc4 48. Kb6 b3 49. Kb5 Rb4+
0-1

[Event "UNDER 1800 CHAMPIONSHIP"]
[Site "SchemingMind.com"]
[Date "2008.02.21"]
[Round "-"]
[White "s-man"]
[Black "kwabena"]
[Result "0-1"]
[WhiteCountry "CAN"]
[BlackCountry "ENG"]
[WhiteElo "1233"]
[WhiteRD "90"]
[BlackElo "1551"]
[BlackRD "80"]
[GameID "142946"]

1. d4 d5 2. b4 Bf5 3. e3 e6 4. f3 a6 5. Nh3 Bxb4+ 6. c3 Bd6 7. Nf4 Nf6 8. Bd3 Bxd3 9. Qxd3 c5 10. Ba3 c4
11. Qd1 Bxa3 12. Nxa3 O-O 13. Qa4 Nc6 14. Rb1 b5 15. Qc2 Qd6 16. Qc1 Rab8 17. g4 h6 18. Nh5 Nxh5 19. gxh5 Ne7 20. Nc2 Nf5
21. Qa3 Qxa3 22. Nxa3 Nxe3 23. Ke2 Nf5 24. Nc2 Nd6 25. Ne3 Ne8 26. a4 Nf6 27. Ng4 Nxh5 28. Ke3 bxa4 29. Rb4 a3 30. Rxb8 Rxb8
31. Ne5 Rb3 32. Rc1 a2 33. Ra1 Rxc3+ 34. Kd2 Ra3 35. Nc6 Rxf3 36. Rxa2 Rf2+
0-1